| 000 | 01709nam0a2200361 4500 | ||
|---|---|---|---|
| 001 | RU\NLR\bibl\18728 | ||
| 005 | 20250615014159.0 | ||
| 010 |
_a5-88924-014-5 _925000 |
||
| 021 |
_aRU _b99-2757 _9132 |
||
| 035 | _a(NLR Aleph) 000018291 | ||
| 090 |
_a80512 _c80512 |
||
| 100 | _a19990329d1996 |||y0rusy50 ca | ||
| 101 | 0 | _arus | |
| 102 | _aRU | ||
| 105 | _a||||||||||||| | ||
| 200 | 1 |
_aАвтомобили ВАЗ-2103, ВАЗ-21033, ВАЗ-21035, ВАЗ-2106, ВАЗ-21061, ВАЗ-21063, ВАЗ-21065 _eМногокрасоч. альбом _fВ.А. Вершигора, А.П. Игнатов, К.В. Новокшонов, К.Б. Пятков |
|
| 210 |
_aМ. _cТретий Рим _d1996 |
||
| 215 |
_a72 с. _cцв. ил. _d29 |
||
| 300 | _aНа обл.: ВАЗ 2106-2103: Цветной ил. альбом: Устройство и эксплуатация / Игнатов А.П., Новокшонов К.В., Пятков К.Б. | ||
| 512 | 1 |
_6z22790 _aВАЗ 2106-2103 _eЦветной ил. альбом _eУстройство и эксплуатация |
|
| 606 | 0 |
_aАвтомобили ВАЗ "Жигули" _jАльбомы _91047794 _3RU\NLR\auth\6686481 |
|
| 606 | 0 |
_a"Жигули", легковые автомобили _jАльбомы _92093076 _3RU\NLR\auth\661266695 |
|
| 686 | _aО335.52я61"Жигули" | ||
| 701 | 1 |
_aВершигора _bВ. А. _gВладимир Андреевич _4070 |
|
| 701 | 1 |
_aИгнатов _bА. П. _4070 |
|
| 701 | 1 |
_aНовокшонов _bК. В. _4070 |
|
| 790 | 1 |
_6z22512 _aИгнатов _bА. П. _4070 |
|
| 801 | 0 |
_aRU _bNLR _c19990329 _gPSBO |
|
| 801 | 1 |
_aRU _bNLR _c19990329 |
|
| 852 |
_aNLR _j99-8/122 |
||
| 942 | _cBOOK | ||
| 980 | _aNB | ||